00361 a2200121 4500001001000000005001700010008004100027245002700068100003000095700003100125773006800156999001500224ART_2585220260410161602.0260409a 10aContabilidad ambiental1 aFronti de García, Luisa1 aFernández Cuesta, Carmen0 tProfesional & Empresariag- Año VI, Nº 67 (abr. 2005)wREV70 c9812d9812